Statistics for NHL goalies with over 300 wins

Click here to take the quiz!

General Stats

  • This quiz has been taken 433 times
    (415 since last reset)
  • The average score is 16 of 31

Answer Stats

WinsAnswer% Correct
691Martin Brodeur
96%
551Patrick Roy
95%
389Dominik Hasek
83%
334*Henrik Lundqvist
74%
484Ed Belfour
71%
403Grant Fuhr
71%
314*Marc André Fleury
71%
395*Roberto Luongo
70%
437Jacques Plante
68%
305Billy Smith
61%
454Curtis Joseph
59%
423Tony Esposito
56%
401Chris Osgood
55%
447Terry Sawchuk
54%
321*Ryan Miller
52%
385Mike Vernon
47%
369Tom Barrasso
47%
301Mike Richter
43%
374John Vanbiesbrouck
42%
319Miikka Kiprusoff
41%
407Glenn Hall
40%
372Andy Moog
39%
353Evgeni Nabokov
38%
333Nikolai Khabibulin
36%
303Olaf Kolzig
35%
355Rogie Vachon
30%
335Gump Worsley
26%
302Turk Broda
26%
324Sean Burke
21%
300Tomas Vokoun
20%
330Harry Lumley
15%

Score Distribution

Percentile by Number Answered

Percent of People with Each Score

Your Score History

You have not taken this quiz since the last reset